Innovation management: definition, problems and recommendations

Problémy, inovácie a tvorivosť v marketingových aktivitách spoločnosti. Oblasti riadenia inovácií.

Enregistré dans:
Détails bibliographiques
Auteur principal: Šarlay, Jozef
Format: Chapitre de livre
Langue:anglais
Sujets:
Tags: Ajouter un tag
Pas de tags, Soyez le premier à ajouter un tag!

MARC

LEADER 00000nla a2200000 4500
001 0230402
005 20240417075118.4
041 0 |a eng 
044 |a SK 
245 1 0 |a Innovation management: definition, problems and recommendations  |c Jozef Šarlay 
520 |a Problémy, inovácie a tvorivosť v marketingových aktivitách spoločnosti. Oblasti riadenia inovácií. 
610 2 0 |a stratégia inovačná 
610 2 0 |a marketing 
610 2 0 |a definície 
610 2 0 |a manažment strategický 
610 2 0 |a kreativita 
100 1 |a Šarlay, Jozef